| 000 | 01335cem a2200385 a 4500 | ||
|---|---|---|---|
| 999 |
_c5726 _d5726 |
||
| 001 | 5530758 | ||
| 003 | OSt | ||
| 005 | 20220616071239.0 | ||
| 007 | ad|canzn | ||
| 008 | 980922s1990 ke e 0 eng | ||
| 010 | _a 93676472 | ||
| 020 | _a0333688074 | ||
| 034 | 0 | _aa | |
| 040 |
_aDLC _cALUPE UNIVERSITY _dDLC |
||
| 050 | 0 | 0 |
_aG2530 _b.M33 1999 |
| 052 | _a8410 | ||
| 052 | _a8200 | ||
| 052 | _a3200 | ||
| 082 | 0 | 0 |
_a912 _220 |
| 110 | 2 | _aMacmillan Kenya (Publishers) Ltd. | |
| 245 | 1 | 0 |
_aMacmillan secondary school atlas / _ceditors, Enos O Oyaya; Macmillan Kenya (Publishers) Ltd. |
| 246 | 3 | _aSecondary school atlas. | |
| 246 | 3 |
_iTitle from preface: _aMacmillan Kenya secondary school atlas |
|
| 255 | _aScales differ. | ||
| 260 |
_aNairobi, Kenya: _bMacmillan Publishers Ltd., _cc1999 |
||
| 300 |
_a1 atlas (128 p.) : _bcol. ill., col. maps ; _c30 cm. |
||
| 520 | _aMaps, statistics, graphs, diagrams, photographs, satellite images, and explanatory text describe Kenya and its neighbors in Africa and throughout the world. | ||
| 651 | 0 |
_aKenya _vMaps. |
|
| 651 | 0 |
_aAfrica _vMaps. |
|
| 655 | 7 |
_aWorld atlases. _2lcgft |
|
| 906 |
_a7 _bcbc _corigcop _du _encip _f19 _gy-geogmaps |
||
| 942 |
_2lcc _cREF _nAB |
||